Alphabetical Warren County (NJ) Quiz Stats

 Plays Quiz not verified by Sporcle

Challenge
Share
Tweet
Embed
Score 0/22 Timer 07:00
0 Plays Today
- Municipality % Correct
AAllamuchy Twp.
100%
AAlpha
95.5%
PPhillipsburg
95.5%
WWashington
95.5%
HHackettstown
90.9%
HHope Twp.
90.9%
BBelvidere
86.4%
BBlairstown Twp.
86.4%
FFranklin Twp.
86.4%
HHarmony Twp.
86.4%
KKnowlton Twp.
86.4%
- Municipality % Correct
LLiberty Twp.
86.4%
PPohatcong Twp.
86.4%
GGreenwich Twp.
81.8%
HHardwick Twp.
81.8%
IIndependence Twp.
81.8%
LLopatcong Twp.
81.8%
WWhite Twp.
81.8%
FFrelinghuysen Twp.
77.3%
MMansfield Twp.
77.3%
WWashington Twp.
77.3%
OOxford Twp.
72.7%

You're not logged in!

Compare scores with friends on all Sporcle quizzes.
Join for Free
OR
Log In

You Might Also Like...

Show Comments

Extras

Top Quizzes Today


Score Distribution

Your Account Isn't Verified!

In order to create a playlist on Sporcle, you need to verify the email address you used during registration. Go to your Sporcle Settings to finish the process.

Report this User

Report this user for behavior that violates our Community Guidelines.

Details: